untitled unmastered. - Kendrick Lamar - Statistics

General Stats
  • This quiz has been taken 124 times
  • The average score is 8 of 8
Answer Stats
Track # Answer % Correct
1 untitled 01 | 08.19.2014.
98%
2 untitled 02 | 06.23.2014.
98%
3 untitled 03 | 05.28.2013.
97%
4 untitled 04 | 08.14.2014.
96%
5 untitled 05 | 09.21.2014.
95%
7 untitled 07 | 2014 – 2016
95%
8 untitled 08 | 09.06.2014.
95%
6 untitled 06 | 06.30.2014.
94%
No matching quizzes found
Score Distribution
Percent of People with Each Score
Percentile by Number Answered
Your Score History
You have not taken this quiz